00432nam a2200121Ia 4500008004100000245013000041260002400171260000900195300000700204650002300211650001200234856006400246170516s9999 xx 000 0 und d 4aThe effects of ethanol on hydrolysis of cellulose and pretreated barley straw by some commercial cellulolytic enzyme products bAIMS Bioengineering c2016 a:4 xMedical Technology xMedtech uhttp://www.aimspress.com/journal/Bioengineering/2016/4.html